Dog Breeds by Picture: AKC Terrier Group - Statistics

General Stats
  • This quiz has been taken 75 times
  • The average score is 17 of 31
Answer Stats
Picture Answer % Correct
Bull Terrier
93%
Russell Terrier
84%
Scottish Terrier
77%
West Highland White Terrier
74%
Miniature Bull Terrier
72%
Airedale Terrier
70%
Miniature Schnauzer
67%
Staffordshire Bull Terrier
67%
Bedlington Terrier
63%
American Hairless Terrier
58%
Wire Fox Terrier
58%
Border Terrier
56%
Norwich Terrier
56%
Cairn Terrier
53%
Dandie Dinmont Terrier
53%
Kerry Blue Terrier
53%
Rat Terrier
53%
Welsh Terrier
53%
American Staffordshire Terrier
51%
Norfolk Terrier
51%
Skye Terrier
51%
Soft Coated Wheaten Terrier
51%
Irish Terrier
47%
Australian Terrier
44%
Lakeland Terrier
42%
Manchester Terrier
42%
Sealyham Terrier
42%
Smooth Fox Terrier
42%
Cesky Terrier
35%
Glen of Imaal Terrier
33%
Parson Russell Terrier
33%
No matching quizzes found
Score Distribution
Percent of People with Each Score
Percentile by Number Answered
Your Score History
You have not taken this quiz